000 01260nam a22002297a 4500
999 _c64096
_d64096
003 Ge_BSU
005 20260330143432.0
008 260330s2003 ge ||||| |||| 00| 0 geo d
020 _a9992832398
041 _ageo
080 _a347.62(37) : 347.62(479.22) შ-84
100 _aშოშიაშვილი, ლელა
_927241
245 _aქორწინების ინსტიტუტი რომაულ და ძველ ქართულ სამართალში /
_cლელა შოშიაშვილი; [რედ.: ვ. მეტრეველი].
264 _aთბ. :
_bმერიდიანი,
_c2003.
300 _a170 გვ. :
_bილ. ;
_c20 სმ.
504 _aბიბლიოგრ. ტექსტ. შენიშვნ. და გვ. 164-170.
520 _aრეზ. რუს. და ინგლ. ენ.
653 _aქორწინების ინსტიტუტი რომაულ სამართალში
653 _aქორწინების ინსტიტუტი ძველ ქართულ სამართალში
700 _aმეტრეველი, ვ.
_eრედაქტორი
_9843
942 _2udc
_cᲬᲘᲒᲜᲘ